| 000 | 00551nam a22001817a 4500 | ||
|---|---|---|---|
| 005 | 20231108144549.0 | ||
| 008 | 231108b |||||||| |||| 00| 0 eng d | ||
| 020 | _a9780409049459 | ||
| 041 | _aEnglish | ||
| 082 | _a346.2LEG | ||
| 100 | _lEnglish | ||
| 245 |
_aLegal Principles of Contracts and Commercial Law / _cedited by MA Fouche |
||
| 250 | _aSeventh Edition | ||
| 260 |
_aDurban : _bLexisNexis (Pty) Ltd, _c2012 |
||
| 300 |
_bvii, 440 pages ; _c24,7 cm. |
||
| 650 |
_aLegal practice _bLaw |
||
| 942 |
_cBK _6ALISON_BN_VRIES |
||
| 999 |
_c444 _d444 |
||